<?xml version="1.0" encoding="UTF-8"?><?xml-stylesheet type="text/xsl" href="static/style.xsl"?><OAI-PMH xmlns="http://www.openarchives.org/OAI/2.0/" xmlns:xsi="http://www.w3.org/2001/XMLSchema-instance" xsi:schemaLocation="http://www.openarchives.org/OAI/2.0/ http://www.openarchives.org/OAI/2.0/OAI-PMH.xsd"><responseDate>2026-04-13T02:31:32Z</responseDate><request verb="GetRecord" identifier="oai:www.recercat.cat:10230/60732" metadataPrefix="marc">https://recercat.cat/oai/request</request><GetRecord><record><header><identifier>oai:recercat.cat:10230/60732</identifier><datestamp>2025-12-23T20:53:34Z</datestamp><setSpec>com_2072_6</setSpec><setSpec>col_2072_452954</setSpec></header><metadata><record xmlns="http://www.loc.gov/MARC21/slim" xmlns:dcterms="http://purl.org/dc/terms/" xmlns:xsi="http://www.w3.org/2001/XMLSchema-instance" xmlns:doc="http://www.lyncode.com/xoai" xsi:schemaLocation="http://www.loc.gov/MARC21/slim http://www.loc.gov/standards/marcxml/schema/MARC21slim.xsd">
   <leader>00925njm 22002777a 4500</leader>
   <datafield ind2=" " ind1=" " tag="042">
      <subfield code="a">dc</subfield>
   </datafield>
   <datafield ind2=" " ind1=" " tag="720">
      <subfield code="a">Aparicio, Adriana</subfield>
      <subfield code="e">author</subfield>
   </datafield>
   <datafield ind2=" " ind1=" " tag="720">
      <subfield code="a">Ortuño, Elisabeth</subfield>
      <subfield code="e">author</subfield>
   </datafield>
   <datafield ind2=" " ind1=" " tag="720">
      <subfield code="a">Williams, Emma</subfield>
      <subfield code="e">author</subfield>
   </datafield>
   <datafield ind2=" " ind1=" " tag="260">
      <subfield code="c">2024-07-11T13:24:50Z</subfield>
   </datafield>
   <datafield ind2=" " ind1=" " tag="260">
      <subfield code="c">2024-07-11T13:24:50Z</subfield>
   </datafield>
   <datafield ind2=" " ind1=" " tag="260">
      <subfield code="c">2024</subfield>
   </datafield>
   <datafield ind2=" " ind1=" " tag="520">
      <subfield code="a">Tutor: Frederic Guerrero</subfield>
   </datafield>
   <datafield ind2=" " ind1=" " tag="520">
      <subfield code="a">Treball de fi de grau en Publicitat i Relacions Públiques</subfield>
   </datafield>
   <datafield ind2=" " ind1=" " tag="520">
      <subfield code="a">Inspírat s’emmarca dins el projecte de la Càtedra Regeneration. La campanya neix per a fer front a la situació de risc en la que es troben més de 200 municipis de Catalunya en perill de desaparició degut a l’envelliment poblacional i la constant pèrdua d’habitants que pateixen.&#xd;
Per això, Inspírat té l’objectiu de fomentar la repoblació dels pobles de Catalunya entre els&#xd;
joves d’entre 25 i 35 anys a partir d’un spot i diverses accions a xarxes socials.&#xd;
A partir de la realització d’un focus group, es va detectar que pel target la vida a la ciutat és insostenible a causa dels preus de l’habitatge, i que els joves anhelen l’espai i el benestar físic i mental que aporten els pobles.&#xd;
Per tant, es reinterpreta positivament el concepte de Catalunya buida com un lloc ple d’espai per les persones, en contraposició a les ciutats superpoblades i plenes de persones sense espai. A la vegada també es mostra com els joves són capaços de revertir aquesta situació de risc que afronten cada cop més pobles.</subfield>
   </datafield>
   <datafield tag="653" ind2=" " ind1=" ">
      <subfield code="a">Envelliment</subfield>
   </datafield>
   <datafield ind2="0" ind1="0" tag="245">
      <subfield code="a">Inspírat: Campanya de comunicació per la repoblació dels pobles de Catalunya per una transició energètica efectiva</subfield>
   </datafield>
</record></metadata></record></GetRecord></OAI-PMH>